| 000 | 00808nam a2200253 a 4500 | ||
|---|---|---|---|
| 001 | BRCA_4754 | ||
| 005 | 20190320204806.0 | ||
| 008 | 071010s1935----be-a######---#000-0#fre-# | ||
| 041 | _afre | ||
| 044 | _abe | ||
| 050 | 4 |
_aNK3055 _b.H83 1935 |
|
| 100 | 1 |
_aHullebroeck, Adolphe _912027 |
|
| 245 | 1 | 0 |
_aHistoire de la tapisserie a Audenarde de XVe au XVIIIe siècle _cAdolphe Hullebroeck. |
| 260 |
_aRenaix, Bélgica _bJulien Leherte-Delcour _c1935 |
||
| 300 |
_axix, 255 p. _bil., 120 láminas _c28 cm. |
||
| 500 | _aIncluye índice de ilustraciones, índice de materias y erratas | ||
| 500 | _aD95 | ||
| 504 | _aBibliografía: p. 235-240 | ||
| 650 | 1 | 4 |
_aTapices _zAudenarde, Bélgica _912028 |
| 650 | 1 | 4 |
_aTapices _xHistoria _95686 |
| 650 | 1 | 4 |
_aTapices belgas _912029 |
| 902 | _aGFM | ||
| 942 |
_2lcc _cB |
||
| 999 |
_c4452 _d4452 |
||